| 000 | 00601nam a2200193 a 4500 | ||
|---|---|---|---|
| 005 | 20210219153013.0 | ||
| 008 | 991125n 000 0 spa u | ||
| 035 | _aUPN01000072577 | ||
| 100 | _aGUEVARA RAMIREZ, Luis | ||
| 222 |
_aEDUCACION : _bREVISTA DEL CONSEJO NACIONAL TECNICO DE LA EDUCACION |
||
| 245 | _aLa didáctica de la historia y el conocimiento de la realidad contemporánea | ||
| 300 | _a49-56 | ||
| 362 | _a1976 vol. 4, no. 18, mar.-abr. | ||
| 653 | 0 | _aENSEÑANZA | |
| 653 | 0 | _aHISTORIA | |
| 653 | 0 | _aPROCESO ENSEÑANZA-APRENDIZAJE | |
| 904 |
_aAC _b010388 |
||
| 905 | _aArticulo | ||
| 999 |
_c65992 _d65992 |
||